Το Μικρό Βιβλίο για τη Γη / Μια Προκλητική Ματιά σ'έναν Πλανήτη που Βρίσκεται σε Κρίση (Record no. 2001)
[ view plain ]
| 000 -LEADER | |
|---|---|
| fixed length control field | 02742cam a22002054a 4500 |
| 005 - ΗΜΕΡΟΜΗΝΙΑ ΚΑΙ ΩΡΑ ΤΕΛΕΥΤΑΙΑΣ ΕΝΗΜΕΡΩΣΗΣ | |
| Πεδίο ελέγχου | 20250605164028.0 |
| 008 - FIXED-LENGTH DATA ELEMENTS--GENERAL INFORMATION | |
| Πεδίο ελέγχου σταθερού μήκους | 250528s ||||||||||||||||||||||||d |
| 035 ## - SYSTEM CONTROL NUMBER | |
| System control number | 16507 |
| 020 ## - ISBN | |
| ISBN | 9608386152 |
| 040 ## - ΠΗΓΗ ΚΑΤΑΛΟΓΟΓΡΑΦΗΣΗΣ | |
| Φορέας πρωτότυπης καταλογογράφησης | MC Athens Campus Library |
| Γλώσσα καταλογογράφησης | Ελληνικά, Μοντέρνα (1453-) |
| Modifying agency | MC Athens Campus Library |
| Κανόνες περιγραφικής καταλογογράφησης | AACR2 |
| 245 1# - ΤΙΤΛΟΣ ΚΑΙ ΔΗΛΩΣΗ ΥΠΕΥΘΥΝΟΤΗΤΑΣ | |
| Τίτλος | Το Μικρό Βιβλίο για τη Γη / Μια Προκλητική Ματιά σ'έναν Πλανήτη που Βρίσκεται σε Κρίση |
| 250 ## - EDITION STATEMENT | |
| Edition statement | 4η |
| 260 ## - PUBLICATION, DISTRIBUTION, ETC. | |
| Name of publisher, distributor, etc. | Κέρκυρα, |
| Date of publication, distribution, etc. | 2004 |
| 300 ## - PHYSICAL DESCRIPTION | |
| Extent | 292 |
| 520 ## - SUMMARY, ETC. | |
| Summary, etc. | Αυτή η συλλογή των πρωτότυπων, ερεθιστικών, μικρών δοκιμίων που κεντρίζουν το ενδιαφέρον εστιάζει στο ερώτημα τι πηγαίνει στραβά με τον πλανήτη μας και στην μεγαλύτερη πρόκληση του αιώνα μας: πώς να σώσουμε τη Γη από τους εαυτούς μας. Εισαγωγή, Βακαλάος, Μην Προβλέπετε!, Η Στιβάδα του Όζοντος, Νερό, Οικολογικά Αποτυπώματα, Ένα Οξύμωρο;, Ατμοσφαιρικός Άνθρακας, Η Ευρώπη Ψύχεται, Ρίο και Κιότο, Περιστολή και Σύγκλιση, Εγχώρια Εμπορεύσιμη Ποσόστωση (DTQ), Το Μέλλον του Πετρελαίου, Η Οικονομία του Υδρογόνου, Πυρηνική Ενέργεια, Το Εμπόριο Όπλων, Όπλα Πολέμου, Εργαλεία για την Ειρήνη, Ανισότητα, Τοκογλυφία και Απληστία, Οικονομική Ανάπτυξη, Ένα Παράδοξο, Το να Κάνετε Χρήματα, Τράπεζες, Τραπεζική Χωρίς Τόκο, Η Πόλη της Αυστρίας Worgl, Παγκόσμιο Οικο-Νόμισμα, Το Εισόδημα των Πολιτών, Δραστήριες Πόλεις, Τζαμιά και Εκκλησίες, Βασικές Ανάγκες, ''Αυτοί'' ή ''Εμείς'', Πλούτος στη Φτώχεια, Το Απεχθές Χρέος, Το Χρέος του Τρίτου Κόσμου, Το Χρέος του Πρώτου Κόσμου, Ελεύθερο Εμπόριο, Απλώς Αλλάξτε, Ο ΠΟΕ, Η Γενική Συμφωνία Εμπορίου και Υπηρεσιών (GATS), Η Στέρηση του Νερού, Η Πρώτη Πολυεθνική Εταιρεία, Το Τέλος της Τυραννίας, Πολιτισμένες Αξίες, Η Αυτοκρατορία, Αυτοκρατορικός Φόρος Υποτέλειας. |
| 700 1# - ΠΡΟΣΘΕΤΗ ΑΝΑΓΡΑΦΗ--ΦΥΣΙΚΟ ΠΡΟΣΩΠΟ | |
| Personal name | Bruges James |
| 9 (RLIN) | 2602 |
| 942 ## - ADDED ENTRY ELEMENTS (KOHA) | |
| Koha item type | Books |
| Τύπος τεκμηρίου | Βιβλιοθήκη | Τρέχουσα τοποθεσία | Barcode | Αριθμός εισαγωγής | Ημερομηνία απόκτησης | Ταξιθετικό σύμβολο | Αριθμός αντιτύπου | Κατάσταση απόσυρσης | Κατάσταση χαμένου | Κατάσταση κατεστραμμένου | Μη δανεισμός | Σύνολο δανεισμών | Ημερομηνία τελευταίας εμφάνισης | Η τιμή ισχύει από |
|---|---|---|---|---|---|---|---|---|---|---|---|---|---|---|
| Books | MC Athens Campus Library | MC Athens Campus Library | 9780000020000 | 4212 | 05/06/2025 | 333.72 BRU | 1 | 05/06/2025 | 05/06/2025 |